<?xml version="1.0" encoding="UTF-8"?><?xml-stylesheet type="text/xsl" href="static/style.xsl"?><OAI-PMH xmlns="http://www.openarchives.org/OAI/2.0/" xmlns:xsi="http://www.w3.org/2001/XMLSchema-instance" xsi:schemaLocation="http://www.openarchives.org/OAI/2.0/ http://www.openarchives.org/OAI/2.0/OAI-PMH.xsd"><responseDate>2026-05-17T22:02:44Z</responseDate><request verb="GetRecord" identifier="oai:recam.amb.cat:20.500.14439/4789" metadataPrefix="marc">https://recam.amb.cat/rest/oai/request</request><GetRecord><record><header><identifier>oai:recam.amb.cat:20.500.14439/4789</identifier><datestamp>2026-05-06T23:45:26Z</datestamp><setSpec>com_20.500.14439_2628</setSpec><setSpec>com_20.500.14439_123</setSpec><setSpec>col_20.500.14439_4787</setSpec></header><metadata><record xmlns="http://www.loc.gov/MARC21/slim" xmlns:dcterms="http://purl.org/dc/terms/" xmlns:xsi="http://www.w3.org/2001/XMLSchema-instance" xmlns:doc="http://www.lyncode.com/xoai" xsi:schemaLocation="http://www.loc.gov/MARC21/slim http://www.loc.gov/standards/marcxml/schema/MARC21slim.xsd">
   <leader>00925njm 22002777a 4500</leader>
   <datafield ind2=" " ind1=" " tag="042">
      <subfield code="a">dc</subfield>
   </datafield>
   <datafield ind2=" " ind1=" " tag="720">
      <subfield code="a">Observatori Metropolità de l'Habitatge de Barcelona</subfield>
      <subfield code="e">author</subfield>
   </datafield>
   <datafield ind2=" " ind1=" " tag="260">
      <subfield code="c">2024-01-01</subfield>
   </datafield>
   <datafield ind2=" " ind1=" " tag="520">
      <subfield code="a">En el primer apartat, es presenten les dades sobre el volum de la demanda d’habitatge i el perfil demogràfic bàsic segons l’enquesta òmnibus de GESOP. El segon apartat caracteritza els demandants d’habitatge de propietat i de lloguer 
pel que fa al temps dedicat a la cerca, així com la motivació i localització de la demanda. Seguidament es presenten els resultats pel que fa a les preferències sobre les característiques dels habitatges demandats (apartat 3), els preus i les condicions de finançament de l’habitatge (apartat 4) i, finalment, la percepció sobre l’oferta disponible en el mercat (apartat 5). L’informe conclou amb una nota metodològica que permet aprofundir en el disseny i el procés de realització d’aquesta doble operació estadística, i s’acompanya de referències bibliogràfiques degudament llistades.</subfield>
   </datafield>
   <datafield ind1="8" ind2=" " tag="024">
      <subfield code="a">https://hdl.handle.net/20.500.14439/4789</subfield>
   </datafield>
   <datafield tag="653" ind2=" " ind1=" ">
      <subfield code="a">Habitatge</subfield>
   </datafield>
   <datafield tag="653" ind2=" " ind1=" ">
      <subfield code="a">Lloguers</subfield>
   </datafield>
   <datafield tag="653" ind2=" " ind1=" ">
      <subfield code="a">Preus</subfield>
   </datafield>
   <datafield ind2="0" ind1="0" tag="245">
      <subfield code="a">Enquesta de demanda d'habitatge a Catalunya: segon semestre de 2023</subfield>
   </datafield>
</record></metadata></record></GetRecord></OAI-PMH>